501 Logo Quiz - Statistics

General Stats
  • This quiz has been taken 194 times
    174 since last reset
  • The average score is 134 of 500
Answer Stats
Picture Answer % Correct
Chick Fil A
87%
20th Century Fox
70%
7-Eleven
57%
Adidas
54%
Adobe
49%
Korean Air
49%
Amazon
48%
Angry Birds
48%
Apple
48%
Audi
46%
Chrome
46%
Pokemon Go!
46%
Red Bull
46%
ACER
45%
Airbnb
45%
BMW
45%
Burger King
45%
CARS
45%
Discord
45%
Domino's
45%
Android
43%
Avengers
43%
BBC
43%
Candy Crush
43%
Crunch
43%
Dodge
43%
Dove
43%
Dunkin'
43%
Ford
43%
X
43%
Champion
42%
Chevrolet
42%
Chicago Bulls
42%
Coca-Cola
42%
DELL
42%
Dreamworks
42%
Facebook
42%
Fanta
42%
Google
42%
Taco bell
42%
Appstore
40%
ChatGPT
40%
Dolby
40%
Excel
40%
Ferrari
40%
Google Maps
40%
KFC
40%
YouTube
40%
AT&T
39%
BBC News
39%
Donkey Kong
39%
Dropbox
39%
FIAT
39%
Firefox
39%
Gears Of War
39%
Hello Kitty
39%
NBA
39%
Netflix
39%
Nike
39%
Toyota
39%
Toy Story
39%
Twix
39%
VISA
39%
Yahoo!
39%
Zoom
39%
Arm and hammer
37%
Best Buy
37%
Foot Locker
37%
Google Calendar
37%
Gucci
37%
Haribo
37%
LEGO
37%
LG
37%
Minecraft
37%
Pepsi
37%
Pringles
37%
Safari
37%
Skype
37%
Sprite
37%
Wikipedia
37%
Barcelona
36%
BIC
36%
Bing
36%
Canva
36%
Carl's Jr.
36%
Clash Of Clans
36%
Converse
36%
Costco
36%
Dole
36%
Finding Nemo
36%
FOX
36%
Gatorade
36%
Harley Davidson
36%
iTunes
36%
JBL
36%
Lexus
36%
Los Angeles Lakers
36%
McDonald's
36%
Mercedes Benz
36%
Ms. Pacman
36%
NBC
36%
New Balance
36%
Oreo
36%
PUMA
36%
Ray-Ban
36%
SEGA
36%
Skittles
36%
Starbucks
36%
Subway
36%
Superman
36%
TikTok
36%
Walt Disney
36%
Boston Celtics
34%
Denny's
34%
Evian
34%
GAP
34%
Hershey's
34%
H&M
34%
Hotwheels
34%
IKEA
34%
Kitkat
34%
Moana
34%
MTV
34%
NASA
34%
Nestle
34%
NFL
34%
Pac-Man
34%
Paramount
34%
Pizza Hut
34%
Playboy
34%
Reddit
34%
Rockstar
34%
Rolex
34%
Skoda
34%
Snapchat
34%
Snickers
34%
The Incredibles
34%
Touch Mobile
34%
Under Armour
34%
Volvo
34%
Walmart
34%
Warner Bros.
34%
Yamaha
34%
A Clockwork Orange
33%
American Express
33%
Aquafina
33%
Arsenal
33%
Asics
33%
Aston Martin
33%
Ben And Jerry's
33%
BridgeStone
33%
CVS
33%
Fruit Of The Loom
33%
Google Meet
33%
Intel
33%
Lindt
33%
Logitech
33%
Louis Vuitton
33%
Monsters Inc.
33%
Mountain Dew
33%
NERF
33%
Orbit
33%
Porsche
33%
Roblox
33%
Spotify
33%
The Hunger Games
33%
Whatsapp
33%
Windows
33%
Barclays
31%
Bayer
31%
BBC ONE
31%
Brooklyn Nets
31%
CBS
31%
Clorox
31%
Denver Nuggets
31%
DQ
31%
English Premier League
31%
F1
31%
FILA
31%
Firestone
31%
Google Classroom
31%
Home Alone
31%
Hulu
31%
IBM
31%
Jetpunk
31%
Kahoot!
31%
Lipton
31%
Little Caesar's
31%
Michelin
31%
Mini
31%
Soundcloud
31%
The New York Times
31%
T-Mobile
31%
Toys R Us
31%
Tripadvisor
31%
Aero
30%
AOL Instant Messenger
30%
Bacardi
30%
Boston Red Sox
30%
Charlotte Hornets
30%
Cheerios
30%
Chicago White Sox
30%
Cincinnati Reds
30%
Crunchyroll
30%
Dallas Mavericks
30%
Fox Movies
30%
HBO
30%
Jif
30%
Kraft
30%
Levi's
30%
L'Oreal
30%
MrBeast
30%
Nivea
30%
Reese's
30%
Shakey's
30%
White Castle
30%
ABS-CBN
28%
AOL
28%
British Airways
28%
Cadbury
28%
Chevron
28%
Chiquita
28%
Detroit Pistons
28%
DOOM
28%
Dunlop
28%
Goodyear
28%
Hardee's
28%
Hard Rock Cafe
28%
Heinz
28%
Hertz
28%
Land Rover
28%
Meta
28%
Miami Dolphins
28%
Miami Heat
28%
Mortal Kombat
28%
New York Yankees
28%
NY Nets
28%
Rocket League
28%
SEAT
28%
Seattle Mariners
28%
Tesco
28%
Tiffany
28%
Timberland
28%
Toblerone
28%
Tommy Hilfiger
28%
TOOTsie Roll
28%
Virgin
28%
Vodafone
28%
Yoplait
28%
Agoda
27%
Boeing
27%
Chicago cubs
27%
Detroit Tigers
27%
Everton
27%
Five
27%
Gerber
27%
Golden State Warriors
27%
Hermes
27%
Lululemon
27%
Mattel
27%
Nestea
27%
New York Knicks
27%
Nickelodeon
27%
Nikon
27%
Nintendo 64
27%
Rolls-Royce
27%
The Godfather
27%
The Guardian
27%
Tide
27%
Utah Jazz
27%
Verizon
27%
Boston Bruins
25%
CBBC
25%
Dallas Stars
25%
Delta Airlines
25%
Detroit Redwings
25%
Doublemint
25%
DoubleTree
25%
Ducati
25%
Greenbay Packers
25%
Hassenfeld Bros.
25%
IHOP
25%
Indiana Pacers
25%
MGM
25%
Minnesota Vikings
25%
Qantas
25%
Sonic
25%
Tostitos
25%
Umbro
25%
Versace
25%
Xerox
25%
Baltimore Orioles
24%
Colorado Avalanche
24%
Fisher-Price
24%
Fitbit
24%
Hoover
24%
Houston Rockets
24%
ING
24%
Klondike
24%
Los Angeles Kings
24%
Lowe's
24%
Marriott
24%
Minnesota Timberwolves
24%
Opel
24%
Payday
24%
Peugeot
24%
Quaker Oats
24%
Sacramento Kings
24%
San Jose Sharks
24%
Skechers
24%
Tim Hortons
24%
Whataburger
24%
Wonder Bread
24%
24 Oras
22%
Barq's
22%
BBC Radio
22%
BBC RADIO 2
22%
C2
22%
Cleveland Cavaliers
22%
Costa
22%
Fritos
22%
General Mills
22%
History Channel
22%
Jelly Belly
22%
Knorr
22%
Lincoln
22%
Memphis Grizzlies
22%
Milwaukee Bucks
22%
MTV Music
22%
Nespresso
22%
Oakley
22%
Old Spice
22%
San Antonio Spurs
22%
Texaco
22%
Toronto Raptors
22%
Whoppers
22%
Wordpress
22%
Bass Pro Shops
21%
BBC Sport
21%
Bo's
21%
Burberry
21%
BYU
21%
Calgary Flames
21%
Fuji
21%
Hallmark
21%
Hanes
21%
JCPenney
21%
LA Dodgers
21%
Los Angeles Clippers
21%
New Orleans Pelicans
21%
Panera
21%
P&G
21%
Ruffles
21%
St. Louis Cardinals
21%
Technoblade
21%
Top Gun
21%
Vaseline
21%
York
21%
Chooks
19%
Creative Cloud
19%
Culver's
19%
Decathlon
19%
Dyson
19%
Galaxy
19%
Gazprom
19%
HSBC
19%
Jollibee
19%
Lemonheads
19%
Nabisco
19%
Oklahoma City Thunder
19%
Orlando Magic
19%
Pittsburg Pirates
19%
Portland Trail Blazers
19%
SF Giants
19%
Snapple
19%
Sprint
19%
Toronto Mapleleafs
19%
Wall's
19%
Airbus UK
18%
Bear Brand
18%
Colorado Rockies
18%
Florida Panthers
18%
GMA
18%
Greenwich
18%
Half Life
18%
Houston Astros
18%
Little Debbie
18%
Los Angeles Angels
18%
Maestro
18%
McCormick
18%
Milo
18%
Morton Salt
18%
Myspace
18%
Ryanair
18%
San Francisco 49ers
18%
Slack
18%
Uber
18%
Vancouver Canucks
18%
Walkers
18%
Washington Capitals
18%
Air Lingus
16%
Anarchy
16%
Chicago Blackhawks
16%
Illustrator
16%
Kansas City Royals
16%
Kinemaster
16%
Lazada
16%
Miami Marlins
16%
Muji
16%
NY Rangers
16%
Philadelphia 76ers
16%
Pillsbury
16%
QuickTime
16%
Seattle Kraken
16%
Skyrim
16%
SM
16%
Tampa Bay Lightning
16%
Tissot
16%
TV5
16%
AirAsia
15%
Algodoo
15%
Band-Aid
15%
BBC HD
15%
Behance
15%
Cebu Pacific
15%
Cleveland Guardians
15%
Filmora
15%
Iberia
15%
Nashville Predators
15%
Peter John
15%
San Diego Padres
15%
Starter
15%
TiVo
15%
V For Vendetta
15%
Washington Wizards
15%
Winnipeg Jets
15%
Yellow Cab
15%
ArmyNavy
13%
BDO
13%
BPI
13%
GTV
13%
Kangol
13%
KreekCraft
13%
Max
13%
Minnesota Twins
13%
Procreate
13%
Quaker State
13%
Square Enix
13%
Squarespace
13%
Sun Cellular
13%
Waffle House
13%
Xilam
13%
ZTE
13%
BBC Essex
12%
Dreamweaver
12%
Duke
12%
Eastern Michigan
12%
Ericcson
12%
Hackett
12%
Maybank
12%
Petron
12%
Pickup Coffee
12%
Red Ribbon
12%
Selecta
12%
Twinings
12%
UFC
12%
Zoho
12%
ANC
10%
Fresco
10%
Milwaukee Brewers
10%
Pencilmation
10%
Star Cinema
10%
Barbour
9%
Church's
9%
D*ckies
9%
Ethan
9%
Glorietta
9%
HypeHype
9%
Meralco
9%
PH Airlines
9%
QSMP
9%
Quizizz
9%
Quorz
9%
Rat And Boa
9%
AngDelCru1201
7%
DZMM
7%
Fastrack
7%
KG-1
7%
Quest Hotels And Resorts
7%
Spark
7%
The Legends Of Zelda: Breath of wild
7%
Tokopedia
7%
Zest
7%
Atlethics
6%
Genyo
6%
Logopedia
6%
TD BRICKS
6%
Mark Daniel Garcia
4%
Outift7
4%
Utah Hockyclub
4%
No matching quizzes found
Score Distribution
Percent of People with Each Score
Percentile by Number Answered
Your Score History
You have not taken this quiz since the last reset